000 nam a22 a 4500
999 _c2594
_d2594
003 AKMAL
005 20170517114934.0
008 170517s1989 my 00 may d
020 _a9832106001 (pbk.):
_cRM5.90
040 _aAKMAL
_cAKMAL
049 0 0 _amal
082 0 4 _a616.97 MIL
_221
090 0 0 _a616.97
_bMIL
090 2 0 _a616.97
_bMIL
100 1 _aMiller, Bruce,
_cDr
_95100
245 1 0 _aImmune system nutrition :
_boptimal power for health /
_cBruce Miller
260 _aPetaling Jaya :
_bOak Enterprise,
_c1989
300 0 0 _a32p. :
_bill. ;
_c22cm
440 0 _aBruce Miller's better health series
_95150
504 _aBibliography: p. 32
650 0 _aImmunology
_95262
650 0 _aNutrition
_95163
942 _2ddc
_cBOOK